000 01066namaa22002891i 4500
003 EG-GICUC
005 20260309114357.0
008 260302s1987 le ||||jr|||| 000 0 ara d
040 _aEG-GiCUC
_bara
_cEG-GiCUC
_dEG-GiCUC
_erda
082 0 4 _221
_a305.90631
_bD135
092 0 4 _221
_a305.90631
_bD135
099 _a305.90631 D135
100 1 _aدكروب، محمد
_eمؤلف.
245 1 0 _aشخصيات وأدوارفى الثقافة العربية الحديثة /
_cمحمد دكروب
250 _aالطبعة الاولى
264 _aبيروت (لبنان) :
_bمؤسسة الابحاث العربية،
_c1987.
300 _a278 : صفحة
_bإيضاحيات،
_c24 سم
336 _2rdacontent
_atext
337 _2rdamedia
_aUnmediated
338 _2rdacarrier
_avolume
504 _aيشتمل على ارجاعات ببليوجرافية
541 _aد. جابر عصفور ؛
_bالقاهرة ؛
_cإهداء ؛
_d2024.
650 1 7 _aالمثقفون العرب
_2qrmak
651 1 _2qrmak
905 _aNermeen
942 _2ddc
_cBK
_e21
_n0
999 _c178800
_d178800